<?xml version="1.0" encoding="UTF-8"?>
<record
    xmlns:xsi="http://www.w3.org/2001/XMLSchema-instance"
    xsi:schemaLocation="http://www.loc.gov/MARC21/slim http://www.loc.gov/standards/marcxml/schema/MARC21slim.xsd"
    xmlns="http://www.loc.gov/MARC21/slim">

  <leader>00916nam a22001337a 4500</leader>
  <datafield tag="040" ind1=" " ind2=" ">
    <subfield code="c">RUA</subfield>
  </datafield>
  <datafield tag="082" ind1=" " ind2=" ">
    <subfield code="a">AGR KHO 2021 B1-586 Or.  </subfield>
  </datafield>
  <datafield tag="100" ind1=" " ind2=" ">
    <subfield code="a">KHOEM SOPOCH &#x1783;&#x17B9;&#x1798; &#x179F;&#x17BB;&#x1794;&#x17C9;&#x17BB;&#x1785;</subfield>
  </datafield>
  <datafield tag="245" ind1=" " ind2=" ">
    <subfield code="a">EVALUATION OF DIFFERENT BIOLOGICAL, CHEMICAL AND THEIR COMBINATION TO CONTROL INSECTS ON GREEN BAK CHOY (Brassica rapa var. chinensis) &#x1780;&#x17B6;&#x179A;&#x179C;&#x17B6;&#x1799;&#x178F;&#x1798;&#x17D2;&#x179B;&#x17C3;&#x1793;&#x17C3;&#x1797;&#x17B6;&#x1796;&#x1781;&#x17BB;&#x179F;&#x1782;&#x17D2;&#x1793;&#x17B6;&#x179A;&#x179C;&#x17B6;&#x1784;&#x1780;&#x17B6;&#x179A;&#x1794;&#x17D2;&#x179A;&#x17BE;&#x1794;&#x17D2;&#x179A;&#x17B6;&#x179F;&#x17CB;&#x1790;&#x17D2;&#x1793;&#x17B6;&#x17C6;&#x1787;&#x17B8;&#x179C;&#x179F;&#x17B6;&#x179F;&#x17D2;&#x179A;&#x17D2;&#x178F;&#x200B; &#x1790;&#x17D2;&#x1793;&#x17B6;&#x17C6;&#x1782;&#x17B8;&#x1798;&#x17B8; &#x1793;&#x17B7;&#x1784;&#x1780;&#x17B6;&#x179A;&#x179A;&#x17BD;&#x1798;&#x1794;&#x1789;&#x17D2;&#x1785;&#x17BC;&#x179B;&#x1782;&#x17D2;&#x1793;&#x17B6;&#x178A;&#x17BE;&#x1798;&#x17D2;&#x1794;&#x17B8;&#x1782;&#x17D2;&#x179A;&#x1794;&#x17CB;&#x1782;&#x17D2;&#x179A;&#x1784;&#x179F;&#x178F;&#x17D2;&#x179C;&#x179B;&#x17D2;&#x17A2;&#x17B7;&#x178F;&#x179B;&#x17BE;&#x178A;&#x17C6;&#x178E;&#x17B6;&#x17C6;&#x179F;&#x17D2;&#x1796;&#x17C3;&#x178F;&#x17BF; (Brassica rapa var. Chinensis)</subfield>
  </datafield>
  <datafield tag="260" ind1=" " ind2=" ">
    <subfield code="a">PHNOM PENH</subfield>
    <subfield code="b">RUA</subfield>
    <subfield code="c">2021</subfield>
  </datafield>
  <datafield tag="300" ind1=" " ind2=" ">
    <subfield code="a">X. 39P</subfield>
    <subfield code="b">VIII.</subfield>
    <subfield code="c">29CM</subfield>
  </datafield>
  <datafield tag="856" ind1=" " ind2=" ">
    <subfield code="u">https://drive.google.com/file/d/1olyWGF2l9ImTHf2hrc0eYOudqZyy6V9C/view?usp=sharing</subfield>
  </datafield>
  <datafield tag="942" ind1=" " ind2=" ">
    <subfield code="c">AGR</subfield>
  </datafield>
  <datafield tag="999" ind1=" " ind2=" ">
    <subfield code="c">22680</subfield>
    <subfield code="d">22680</subfield>
  </datafield>
  <datafield tag="952" ind1=" " ind2=" ">
    <subfield code="0">0</subfield>
    <subfield code="1">0</subfield>
    <subfield code="2">ddc</subfield>
    <subfield code="4">0</subfield>
    <subfield code="6">AGR_KHO_2021_000000000000000_B1586_OR</subfield>
    <subfield code="7">0</subfield>
    <subfield code="9">97454</subfield>
    <subfield code="a">LBB</subfield>
    <subfield code="b">LBB</subfield>
    <subfield code="c">B1.586</subfield>
    <subfield code="d">2024-03-26</subfield>
    <subfield code="o">AGR KHO 2021 B1-586 Or.  </subfield>
    <subfield code="p">a078601</subfield>
    <subfield code="r">2024-03-26</subfield>
    <subfield code="w">2024-03-26</subfield>
    <subfield code="y">AGR</subfield>
  </datafield>
  <datafield tag="952" ind1=" " ind2=" ">
    <subfield code="0">0</subfield>
    <subfield code="1">0</subfield>
    <subfield code="2">ddc</subfield>
    <subfield code="4">0</subfield>
    <subfield code="6">AGR_KHO_2021_000000000000000_B1586_OR</subfield>
    <subfield code="7">0</subfield>
    <subfield code="9">97455</subfield>
    <subfield code="a">LBB</subfield>
    <subfield code="b">LBB</subfield>
    <subfield code="c">B1.586</subfield>
    <subfield code="d">2024-03-26</subfield>
    <subfield code="l">2</subfield>
    <subfield code="o">AGR KHO 2021 B1-586 Or.  </subfield>
    <subfield code="p">a078541</subfield>
    <subfield code="r">2025-08-08</subfield>
    <subfield code="s">2025-06-30</subfield>
    <subfield code="w">2024-03-26</subfield>
    <subfield code="y">AGR</subfield>
  </datafield>
  <datafield tag="952" ind1=" " ind2=" ">
    <subfield code="0">0</subfield>
    <subfield code="1">0</subfield>
    <subfield code="2">ddc</subfield>
    <subfield code="4">0</subfield>
    <subfield code="6">AGR_KHO_2021_000000000000000_B1586_OR</subfield>
    <subfield code="7">0</subfield>
    <subfield code="9">97456</subfield>
    <subfield code="a">LBB</subfield>
    <subfield code="b">LBB</subfield>
    <subfield code="c">B1.586</subfield>
    <subfield code="d">2024-03-26</subfield>
    <subfield code="o">AGR KHO 2021 B1-586 Or.  </subfield>
    <subfield code="p">a078481</subfield>
    <subfield code="r">2024-03-26</subfield>
    <subfield code="w">2024-03-26</subfield>
    <subfield code="y">AGR</subfield>
  </datafield>
  <datafield tag="952" ind1=" " ind2=" ">
    <subfield code="0">0</subfield>
    <subfield code="1">0</subfield>
    <subfield code="2">ddc</subfield>
    <subfield code="4">0</subfield>
    <subfield code="6">AGR_KHO_2021_000000000000000_B1586_OR</subfield>
    <subfield code="7">0</subfield>
    <subfield code="9">97457</subfield>
    <subfield code="a">LBB</subfield>
    <subfield code="b">LBB</subfield>
    <subfield code="c">B1.586</subfield>
    <subfield code="d">2024-03-26</subfield>
    <subfield code="o">AGR KHO 2021 B1-586 Or.  </subfield>
    <subfield code="p">a078457</subfield>
    <subfield code="r">2024-03-26</subfield>
    <subfield code="w">2024-03-26</subfield>
    <subfield code="y">AGR</subfield>
  </datafield>
</record>
